| 000 | 00471nam a2200157Ia 4500 | ||
|---|---|---|---|
| 003 | GCL | ||
| 008 | 140319s9999 xx 000 0 ara d | ||
| 040 |
_aGCL / _cGCL |
||
| 082 | 0 | 4 |
_a805 _bخ أ |
| 100 | 1 | _aعزت عامر | |
| 245 | 1 | 0 |
_aادب الغد: كتاب ادبى غير دورى / _cعزت عامر |
| 700 | 1 | _aخالد جويلى | |
| 700 | 1 | _aمحمود عبدالوهاب | |
| 300 | _a100 ص | ||
| 490 |
_aالهيئة العامة للاستعلامات _v0 |
||
| 999 |
_c51207 _d51207 |
||